A handbook of physics

Kaydedildi:
Detaylı Bibliyografya
Yazar: White, W. H.
Materyal Türü: Kitap
Dil:Undetermined
Baskı/Yayın Bilgisi: London Methuen and Co.LTD 1912
Konular:
Etiketler: Etiketle
Etiket eklenmemiş, İlk siz ekleyin!
Thư viện lưu trữ: Trung tâm Học liệu Trường Đại học Cần Thơ
LEADER 00453nam a2200181Ia 4500
001 CTU_81556
008 210402s9999 xx 000 0 und d
082 |a 530 
082 |b W581 
100 |a White, W. H. 
245 2 |a A handbook of physics 
245 0 |c W. H. White 
260 |a London 
260 |b Methuen and Co.LTD 
260 |c 1912 
650 |a Physics 
904 |i Trọng Hải 
980 |a Trung tâm Học liệu Trường Đại học Cần Thơ